Music Quiz

Random Music or Rock Quiz

Finish the Rock Band II Quiz Stats

 Plays Quiz Updated Nov 19, 2020

Support Sporcle.
Go Orange.
Score 0/30 Timer 05:00
14 Plays Today
Band Last Word % Correct
Fleetwood...Mac
98.2%
Beastie...Boys
97.9%
ZZ...Top
95%
Iron...Maiden
93.9%
Rage Against The...Machine
93.8%
Steve Miller...Band
91.4%
3 Doors... Down
91.1%
Judas...Priest
90.7%
Def...Leppard
90.2%
Talking...Heads
88.2%
Stone Temple...Pilots
85.1%
Jethro...Tull
84.7%
The Allman...Brothers
83.9%
Queens of the Stone...Age
83.6%
Limp...Bizkit
82.5%
Band Last Word % Correct
Jefferson...Airplane
82.1%
REO...Speedwagon
81.7%
Jimmy Eat...World
77.9%
Spınal...Tap
75.9%
Death Cab for...Cutie
73.6%
Quiet...Riot
70.7%
The Flaming...Lips
64.1%
Puddle of...Mudd
62.3%
They Might Be...Giants
61%
Avenged...Sevenfold
60.1%
Dropkick...Murphys
59.1%
Collective...Soul
57.3%
Flogging...Molly
50.1%
Good...Charlotte
45.9%
A Perfect...Circle
30.5%

You're not logged in!

Compare scores with friends on all Sporcle quizzes.
OR
Log In

From the Vault

Disney Movie Restaurants

by mariapiscitelli5

Feed your nostalgia and your appetite!
Remove Ads.
Support Sporcle.
Get the best of Sporcle when you Go Orange. This ad-free experience offers more features, more stats, and more fun while also helping to support Sporcle. Thank you for becoming a member.

Show Comments

Extras

Top Quizzes Today


Score Distribution

Your Account Isn't Verified!

In order to create a playlist on Sporcle, you need to verify the email address you used during registration. Go to your Sporcle Settings to finish the process.

Report this User

Report this user for behavior that violates our Community Guidelines.

Details: